000 00626cab a2200241 4500
001 ABS53870
008 090401t1995 xxu||||| |||| 00| 0 eng d
035 _a(Sirsi) u7046
041 _aeng
100 _aMarsh, T.
245 _aNot a drop to drink?
260 _c1995
350 _a0
490 _aUtility Week
_v3(13) 6 October 1995, 14-15(2)
520 _aDiscusses what caused the 1995 drought and its implications for the water companies.
650 _aRAINFALL
650 _aWATER AUTHORITIES
650 _aWATER COMPANIES
690 _aWATER
700 _aTurton, P.
942 _n0
948 _c04/03/1997
999 _c4199
_d4199